心理調適:做自己心靈的CEO (Record no. 804)
[ view plain ]
| 000 -記錄標示 | |
|---|---|
| fixed length control field | 00300nam a2200109Ia 4500 |
| 008 - 定長欄資料代碼 | |
| fixed length control field | 180130s9999||||xx |||||||||||||| ||und|| |
| 020 ## - 國際標準書號 | |
| 價格與相關資訊 | NT390 |
| 國際標準書號 | 978-7-111-48425-7 |
| 100 ## - 主要款目--主要著者 | |
| 個人姓名 | 王建中 |
| 245 #0 - 題名及著者敘述項 | |
| 著者敍述 | 王建中 吳瑞林 翻譯 |
| 正題名 | 心理調適:做自己心靈的CEO |
| 260 ## - 出版項 | |
| 出版年 | 2015 |
| 300 ## - 稽核項 | |
| 高廣尺寸 | cm. |
| 數量(面數, 冊數或其他) | p. |
| 942 ## - 附加款目元素 (KOHA) | |
| 分類法來源 | 中文圖書分類法 |
| Koha 館藏類型 | 一般圖書 |
| 撤銷狀態 | 遺失狀態 | 分類號來源 | 損壞狀態 | 不外借 | 永久館藏地 | 現在館藏地 | 採購日期 | 全部借出 | 全部續借 | 完整索書號 | 條碼號 | 最後一次日期記錄 | Date last checked out | 一般價格有效日期 | Koha館藏類型 | 公開資訊 |
|---|---|---|---|---|---|---|---|---|---|---|---|---|---|---|---|---|
| 未註銷館藏 | 未遺失 | 中文圖書分類法 | 未損毀 | 可外借 | 怡仁綜合醫院圖書館 | 怡仁綜合醫院圖書館 | 2018-01-30 | 1 | 1 | 494.21 | C02179 | 2022-08-01 | 2022-07-05 | 2018-01-30 | 一般圖書 | 對於我們每個人來說,還有什麼比自我調適、獲得幸福和有效應對生活當中的壓力和挑戰更為重要的呢?所有人都希望能夠了解怎樣變得更快樂,如何更好地進行自我調適。當大家閱讀和學習本書后,通過自我測驗可以更好地了解自己,同時也將會獲得有效應對各種壓力和挑戰的知識、策略和資源。 |